Деятели русской истории, известные во всём мире - Statistics

General Stats
  • This quiz has been taken 173 times
  • The average score is 17 of 25
Answer Stats
деятельность годы жизни историческая личность % Correct
поэт и писатель 1799-1837 Александр Пушкин
98%
революционер 1870-1924 Владимир Ленин
98%
космонавт 1934-1968 Юрий Гагарин
97%
правитель 1878-1953 Иосиф Сталин
96%
правительница 1729-1796 Екатерина II
94%
правитель 1530-1584 Иван IV Грозный
88%
писатель и мыслитель 1828-1910 Лев Толстой
84%
правитель 1931-2022 Михаил Горбачёв
84%
правитель 1931-2007 Борис Ельцин
81%
правитель 1672-1725 Пётр I
80%
композитор 1840-1893 Пётр Ильич Чайковский
76%
правитель 1894-1971 Никита Хрущёв
76%
писатель и мыслитель 1821-1881 Фёдор Достоевский
75%
поэт 1893-1930 Владимир Маяковский
73%
революционер 1879-1940 Лев Троцкий
63%
учёный-полимат 1711-1765 Михаил Ломоносов
62%
писатель 1809-1852 Николай Гоголь
58%
пионер космонавтики 1907-1966 Сергей Королёв
56%
писатель и драматург 1860-1904 Антон Чехов
54%
священнослужитель 1869-1916 Григорий Распутин
44%
министр иностранных дел 1890-1986 Вячеслав Молотов
44%
писатель 1918-2008 Александр Солженицын
40%
писатели 1925-1991 1933-2012 Аркадий и Борис Стругацкие
40%
писатель 1891-1940 Михаил Булгаков
37%
писатель и литературовед 1899-1977 Владимир Набоков
32%
No matching quizzes found
Score Distribution
Percent of People with Each Score
Percentile by Number Answered
Your Score History
You have not taken this quiz